Cost and management accounting / (Record no. 91938)

MARC details
000 -LEADER
fixed length control field 00529nam a22001817a 4500
005 - DATE AND TIME OF LATEST TRANSACTION
control field 20150324142439.0
010 ## - LCCN (DPL NO)
LC control number ENG-112245
020 ## - INTERNATIONAL STANDARD BOOK NUMBER
Terms of availability 190.00
035 ## - SYSTEM CONTROL NUMBER
System control number EN-95777
037 ## - SOURCE OF ACQUISITION
Source of stock number/acquisition DBAD/PUB
082 ## - DEWEY DECIMAL CLASSIFICATION NUMBER
Classification number 657.42
245 ## - TITLE STATEMENT
Title Cost and management accounting /
Statement of responsibility, etc by G.V. Ramalingeswara Rao...[et al]
260 ## - PUBLICATION, DISTRIBUTION, ETC. (IMPRINT)
Place of publication, distribution, etc Hyderabad
Name of publisher, distributor, etc Telugu Akademi
Date of publication, distribution, etc 2013
270 ## - ADDRESS
Address Telugu Akademi
City Hyderabad
Postal code 500029
300 ## - PHYSICAL DESCRIPTION
Extent 486p.
Other physical details 24cm(pbk)
700 ## - ADDED ENTRY--PERSONAL NAME
Personal name Ramalingeswara Rao, G.V.
942 ## - ADDED ENTRY ELEMENTS (KOHA)
Source of classification or shelving scheme Dewey Decimal Classification
Item type English Books
Call number suffix COS
Classification part 657.42
Holdings
Withdrawn status Lost status Not for loan Collection code Home library Current library Date acquired Source of acquisition Cost, normal purchase price Full call number Barcode Copy number Cost, replacement price Koha item type
    Not For Loan Non-fiction D.B.Act.Division D.B.Act.Division 26/02/2015 DBAD/PUB 190.00 657.42 COS EN-95777 1 190.00 English Books

© Delhi Public Library
Hit Counter
free hit counter